01538nam a2200337 i 4500001001000000003000900010005001700019007000300036008004100039040003000080041000800110082002400118100005000142245008900192246006400281264004500345300004500390336002900435337003400464338002900498490003800527590002600565650005000591650009200641650005500733650007600788910003700864942001400901952026800915999001701183000035943DO-SdBNP20241010122552.0ta111121s2000 dr ac r 000 0 spa d aDO-SdBNPbspacBNPHUerda aspa 4a709.7293bM647m2221 aMiller, Jeannette,d1944-eautor4aut.98348410a1844-2000 arte dominicano :bpintura, dibujo, gráfica y mural /cJeannette Miller.10aMil ochocientos cuarenta y cuatro - dos mil arte dominicano 4aSanto Domingo :bEditora Codetel,c2000. a471 páginas :bilustraciones ;c30 cm. atextobtxt 2rdacontent  asin mediación bn2rdamedia avolumen bnc2rdacarrier1 aColección cultural CODETEL ;v4 aInventariado, 2024/BT 4aArte91858z República DominicanaxHistoria 4aArte narrativo (Artes visuales) z República Dominicana x Historiay1844-2000986403 4a Pintura dominicana x Historia y1844-2000985972 4aArtes gráficasz República Dominicana xHistoriay1844-2000 985973 aValidado. Control de calidad MFF 2ddccLBS1 00102ddc51708PDaBNPHUbBNPHUcHDd2011-11-21eDonado por la Presidencia de la República Dominicana 2023.l0oBNPHU PD 709.7293 M647mp35943-10r2020-06-25w2020-06-25yLBS1zPerteneció a la biblioteca personal de René Rodríguez Soriano.ZNo se presta c35434d35434